000 00709nam a2200205Ii 4500
003 JO-AjNU
008 230605s9999||||xx |||||||||||||| ||und||
040 _aJO-AjNU
_bara
_erda
_cJO-AjNU
041 _aara
050 1 4 _aTX911.3.C8.T3438 2013
100 3 _aالطائي، حميد عبد النبي,
_eauthor
_951217
245 0 0 _aإدارة المكتب الأمامي في الفنادق
250 _aط1
264 3 1 _aعمان: دار زهران للنشر والتوزيع، 2013
300 _a234ص
336 _atext
_btxt
_2rdacontent
337 _aunmediated
_bn
_2rdamedia
338 _avolume
_bnc
_2rdacarrier
650 4 _aالفنادق - المكتب الامامي - الادارة
_951218
999 _aA22609
_c26177
_d26177